000 00539nam a2200205Ia 4500
999 _c8128
_d8128
003 0100
005 20180308144015.0
008 130303s9999 xx 000 0 und d
020 _a949933139
040 _cARRUPELIB
050 _aDT962.42.C521985
100 _aChigwedere, A.S
_940390
245 4 _aThe Karanga empire /
260 _aHarare
_bBooks for Africa
_c1985
300 _a174p. 22cm
650 _aShona (African people)
_xHistory
_927961
700 _aA.S Chigwedere
_940391
942 0 0 _01
_2lcc
_cMONOGRAPH